[Event "Campeonato de Australia 2007-2008"]
[Site "Parramatta AUS"]
[Date "2008.01.08"]
[Round "8.5"]
[White "Illingworth, Max"]
[Black "Rej, Tomek"]
[Result "1-0"]
[WhiteElo "2201"]
[BlackElo "2283"]
[PlyCount "99"]
[EventDate "2008.01.02"]
[EventType "swiss"]
[EventRounds "11"]
[EventCountry "AUS"]
[Source "lmi"]
[SourceDate "2008.01.02"]

1. d4 d5 2. c4 c6 3. Nc3 e6 4. e3 Bd6 5. Qc2 Nf6 6. Nf3 Nbd7 7. g4 dxc4 8. Bxc4
Qe7 9. e4 e5 10. g5 Nh5 11. Be3 exd4 12. Nxd4 Ne5 13. Be2 Ng4 14. Bxg4 Bxg4 15.
h3 Bd7 16. O-O-O g6 17. Nde2 Bc5 18. Qd2 O-O-O 19. Na4 Bxe3 20. Qxe3 Kb8 21. f4
Be6 22. Nac3 Rhe8 23. Rhe1 Qc7 24. e5 Qa5 25. a3 Ng7 26. Ne4 Nf5 27. Qc3 Qxc3+
28. N2xc3 Bb3 29. Rxd8+ Rxd8 30. Nc5 Bd5 31. Rd1 Kc8 32. Nxd5 cxd5 33. Kd2 b6
34. Nd3 Kd7 35. Rc1 Ne7 36. Ne1 Ke6 37. Nf3 Rc8 38. Rxc8 Nxc8 39. Nd4+ Kd7 40.
h4 Ne7 41. Kd3 a5 42. b3 Ng8 43. Nb5 Ne7 44. Nd4 Nf5 45. Nxf5 gxf5 46. Kd4 Ke6
47. a4 f6 48. exf6 h5 49. f7 Kxf7 50. Kxd5 1-0

[Event "Campeonato de Australia 2007-2008"]
[Site "Parramatta AUS"]
[Date "2008.01.08"]
[Round "8.6"]
[White "Canfell, Gregory"]
[Black "Klein, Felix"]
[Result "0-1"]
[WhiteElo "2315"]
[BlackElo "2205"]
[PlyCount "116"]
[EventDate "2008.01.02"]
[EventType "swiss"]
[EventRounds "11"]
[EventCountry "AUS"]
[Source "lmi"]
[SourceDate "2008.01.02"]

1. e4 c5 2. Nf3 e6 3. d4 cxd4 4. Nxd4 a6 5. Nc3 Qc7 6. Be2 b5 7. O-O Bb7 8. Re1
Nc6 9. Bf3 Nxd4 10. Qxd4 Ne7 11. a4 b4 12. Nd5 exd5 13. exd5 d6 14. Qxb4 O-O-O
15. c4 Kb8 16. Be3 Rc8 17. Rac1 Nf5 18. Bb6 Qd7 19. Bg4 g6 20. Bd4 Rg8 21. Qb6
Rc7 22. Qa7+ Kc8 23. Bb6 Bh6 24. Bxc7 Qxc7 25. Rc3 Bd2 26. Rg3 Bxe1 27. Bxf5+
Kd8 28. Qd4 Re8 29. Bd3 Bb4 30. Re3 Rxe3 31. Qxe3 Bc5 32. Qh6 Qe7 33. Kf1 Bb4
34. Be2 f6 35. Qh4 a5 36. Qd4 Ke8 37. g4 Bc5 38. Qd2 Qe4 39. Kg1 Qd4 40. Qxd4
Bxd4 41. b3 g5 42. Bd3 h6 43. Kg2 Bc8 44. h3 Kf7 45. Kg3 Be5+ 46. Kg2 Kg7 47.
Kf1 Bd7 48. f3 Bc3 49. Ke2 Be8 50. Be4 Bg6 51. Kd3 Bb4 52. Kd4 h5 53. Kd3 h4
54. Kd4 Bxe4 55. Kxe4 Kg6 56. Kd3 f5 57. Kd4 Bc5+ 58. Kd3 Kf6 0-1

[Event "Campeonato de Australia 2007-2008"]
[Site "Parramatta AUS"]
[Date "2008.01.08"]
[Round "8.7"]
[White "Pecori, Ascaro"]
[Black "Sales, Jesse Noel"]
[Result "0-1"]
[WhiteElo "2129"]
[BlackElo "2126"]
[PlyCount "60"]
[EventDate "2008.01.02"]
[EventType "swiss"]
[EventRounds "11"]
[EventCountry "AUS"]
[Source "lmi"]
[SourceDate "2008.01.02"]

1. d4 d5 2. Nf3 Bg4 3. e3 e6 4. Nbd2 c6 5. c3 Nf6 6. Bd3 Nbd7 7. h3 Bxf3 8.
Nxf3 Bd6 9. Bd2 O-O 10. Qb1 e5 11. dxe5 Nxe5 12. Nxe5 Bxe5 13. Qc2 c5 14. c4
dxc4 15. Bxc4 Qe7 16. a4 Rad8 17. O-O Ne4 18. Rad1 Rd6 19. f4 Bf6 20. Bc1 Rxd1
21. Rxd1 Bh4 22. Rd5 Nf6 23. Rd1 Bg3 24. Be2 h5 25. Bf3 Re8 26. b3 h4 27. Qc4
b6 28. Rd3 Ne4 29. Bxe4 Qxe4 30. Rd8 Rxd8 0-1

[Event "Campeonato de Australia 2007-2008"]
[Site "Parramatta AUS"]
[Date "2008.01.08"]
[Round "8.8"]
[White "Yu, Ronald"]
[Black "Boyd, Tristan"]
[Result "1/2-1/2"]
[WhiteElo "2212"]
[BlackElo "2270"]
[PlyCount "42"]
[EventDate "2008.01.02"]
[EventType "swiss"]
[EventRounds "11"]
[EventCountry "AUS"]
[Source "lmi"]
[SourceDate "2008.01.02"]

1. d4 Nf6 2. Nf3 g6 3. g3 Bg7 4. Bg2 O-O 5. O-O d6 6. c4 Nbd7 7. Nc3 e5 8. dxe5
dxe5 9. Qc2 c6 10. Rd1 Qe7 11. b3 Rd8 12. a4 Qe8 13. Ba3 Bf8 14. Bxf8 Qxf8 15.
Rd2 Qe7 16. e4 a5 17. Rad1 Rf8 18. Ne1 Nc5 19. Nd3 Nfd7 20. Ne2 Nxd3 21. Qxd3
Nc5 1/2-1/2

[Event "Campeonato de Australia 2007-2008"]
[Site "Parramatta AUS"]
[Date "2008.01.08"]
[Round "8.9"]
[White "Oliver, Gareth"]
[Black "Broekhuyse, Paul"]
[Result "1-0"]
[WhiteElo "2164"]
[BlackElo "2130"]
[PlyCount "123"]
[EventDate "2008.01.02"]
[EventType "swiss"]
[EventRounds "11"]
[EventCountry "AUS"]
[Source "lmi"]
[SourceDate "2008.01.02"]

1. d4 Nf6 2. c4 e6 3. Nc3 Bb4 4. e3 O-O 5. Bd3 d5 6. a3 Bxc3+ 7. bxc3 c5 8. Ne2
Qc7 9. cxd5 exd5 10. O-O Bg4 11. h3 Bh5 12. Rb1 Nbd7 13. Qe1 Bg6 14. Bxg6 hxg6
15. Ng3 Rfe8 16. Qd1 Nb6 17. Qb3 Rab8 18. a4 Nc4 19. Rd1 Re6 20. Bd2 Ra6 21.
Be1 Qa5 22. e4 cxd4 23. exd5 Qxd5 24. Rxd4 Rb6 25. Rxd5 Rxb3 26. Rxb3 Nxd5 27.
Rb5 Ne7 28. Rb4 Ne5 29. Bd2 N7c6 30. Rb1 Rd8 31. Bf4 b6 32. Kf1 Nd3 33. Be3 f5
34. Ne2 Nde5 35. Nd4 Kf7 36. Ke2 Rc8 37. Nxc6 Rxc6 38. Bd4 Nc4 39. Kd3 Na5 40.
Rb4 g5 41. Be3 f4 42. Bd4 Re6 43. Rb5 Kg6 44. Re5 Rxe5 45. Bxe5 Kf7 46. Ke4 Nc6
47. Kd5 Ne7+ 48. Kd6 Nf5+ 49. Kc6 Ke6 50. Bb8 Ne7+ 51. Kb5 Nd5 52. c4 Nc3+ 53.
Kb4 Ne4 54. Bxa7 Nxf2 55. Bxb6 Nd3+ 56. Kc3 Ne1 57. a5 Kd7 58. a6 Kc6 59. a7
Kb7 60. c5 Nxg2 61. c6+ Ka8 62. c7 1-0

[Event "Campeonato de Australia 2007-2008"]
[Site "Parramatta AUS"]
[Date "2008.01.08"]
[Round "8.10"]
[White "Hamilton, Douglas"]
[Black "Lane, Gary William"]
[Result "1-0"]
[WhiteElo "2229"]
[BlackElo "2412"]
[PlyCount "93"]
[EventDate "2008.01.02"]
[EventType "swiss"]
[EventRounds "11"]
[EventCountry "AUS"]
[Source "lmi"]
[SourceDate "2008.01.02"]

1. d4 Nf6 2. c4 e6 3. Nc3 Bb4 4. a3 Bxc3+ 5. bxc3 O-O 6. f3 d5 7. cxd5 exd5 8.
e3 Nh5 9. Qc2 f5 10. Bd3 c5 11. Nh3 c4 12. Be2 Qh4+ 13. Nf2 Nc6 14. g3 Qf6 15.
O-O Qg6 16. Kg2 Na5 17. Rb1 Nb3 18. Rxb3 cxb3 19. Qxb3 Qf7 20. Nd3 Nf6 21. Ne5
Qc7 22. c4 Be6 23. c5 Nd7 24. Nd3 Bf7 25. Nf4 Nf6 26. Bd2 Rfe8 27. Bb5 Re7 28.
Rc1 g5 29. Nd3 a6 30. Ba4 g4 31. Ne5 Rxe5 32. dxe5 gxf3+ 33. Kxf3 Qxe5 34. Qb4
Ne4 35. Bc3 Nxc3 36. Rxc3 Rd8 37. Qd4 Qe4+ 38. Qxe4 fxe4+ 39. Kf4 d4 40. exd4
Rxd4 41. Bc2 Bg6 42. Ke3 Rd7 43. Rc4 Rc7 44. Bxe4 b5 45. cxb6 Rxc4 46. Bd5+ Bf7
47. Bxc4 1-0

[Event "Campeonato de Australia 2007-2008"]
[Site "Parramatta AUS"]
[Date "2008.01.08"]
[Round "8.11"]
[White "Lazarus, Benjamin"]
[Black "Pyke, Malcolm"]
[Result "1/2-1/2"]
[WhiteElo "2123"]
[BlackElo "2191"]
[PlyCount "86"]
[EventDate "2008.01.02"]
[EventType "swiss"]
[EventRounds "11"]
[EventCountry "AUS"]
[Source "lmi"]
[SourceDate "2008.01.02"]

1. e4 e6 2. Nf3 d5 3. Nc3 Nf6 4. e5 Nfd7 5. d4 c5 6. dxc5 Nc6 7. Bf4 Bxc5 8.
Bd3 a6 9. O-O Be7 10. Qd2 b5 11. Rae1 Nb6 12. Ne2 Nc4 13. Qc1 Bd7 14. Ned4 Nxd4
15. Nxd4 g5 16. Bg3 Bc5 17. Nb3 Bb6 18. Kh1 h5 19. f3 h4 20. Bf2 Bxf2 21. Rxf2
Qb6 22. Rff1 Rg8 23. c3 O-O-O 24. Nd4 Qc7 25. Bxc4 dxc4 26. Qe3 Bc6 27. Nxc6
Qxc6 28. Rd1 Rd5 29. Rd2 Qc5 30. Qxc5+ Rxc5 31. Re1 Rd8 32. Rxd8+ Kxd8 33. g3
hxg3 34. h3 Rd5 35. Re2 Ke7 36. Kg2 Kf8 37. Kxg3 Kg7 38. Kg4 Kg6 39. f4 f6 40.
exf6 Kxf6 41. Rf2 Kg6 42. Re2 Kf6 43. Rf2 Kg6 1/2-1/2

[Event "Campeonato de Australia 2007-2008"]
[Site "Parramatta AUS"]
[Date "2008.01.08"]
[Round "8.12"]
[White "Bjelobrk, Igor"]
[Black "Hu, Jason"]
[Result "0-1"]
[WhiteElo "2380"]
[BlackElo "2120"]
[PlyCount "118"]
[EventDate "2008.01.02"]
[EventType "swiss"]
[EventRounds "11"]
[EventCountry "AUS"]
[Source "lmi"]
[SourceDate "2008.01.02"]

1. d4 d5 2. c4 c6 3. Nf3 Nf6 4. e3 Bf5 5. Nc3 e6 6. Nh4 Be4 7. f3 Bg6 8. Qb3
Qc7 9. Bd2 Be7 10. Nxg6 hxg6 11. O-O-O dxc4 12. Bxc4 b5 13. Bd3 a6 14. g4 c5
15. dxc5 Nbd7 16. Kb1 Nxc5 17. Qc2 Nxd3 18. Qxd3 Rxh2 19. f4 Rxh1 20. Rxh1 Rd8
21. Qe2 Qd7 22. Rh8+ Bf8 23. Bc1 b4 24. g5 bxc3 25. gxf6 gxf6 26. b3 Qd6 27.
Qc4 Kd7 28. Qxc3 Rc8 29. Qd2 Qxd2 30. Bxd2 Bd6 31. Rh1 e5 32. Kb2 Ke6 33. b4
exf4 34. exf4 Rc4 35. Rf1 Rd4 36. f5+ gxf5 37. Bc3 Re4 38. Kb3 Be5 39. Bd2 Rd4
40. Kc2 f4 41. a4 Kd5 42. b5 Rxa4 43. b6 Ra2+ 44. Kd3 Rb2 45. Bxf4 Rxb6 46.
Bxe5 fxe5 47. Rxf7 e4+ 48. Kc3 Rc6+ 49. Kd2 Re6 50. Ke3 Kc4 51. Rf1 a5 52. Ra1
Ra6 53. Kxe4 a4 54. Ke3 Kc3 55. Rc1+ Kb2 56. Rc8 a3 57. Rb8+ Kc3 58. Rc8+ Kb3
59. Rb8+ Ka4 0-1

[Event "Campeonato de Australia 2007-2008"]
[Site "Parramatta AUS"]
[Date "2008.01.08"]
[Round "8.13"]
[White "Charles, Gareth"]
[Black "Ikeda, Junta"]
[Result "0-1"]
[WhiteElo "2180"]
[BlackElo "2201"]
[PlyCount "112"]
[EventDate "2008.01.02"]
[EventType "swiss"]
[EventRounds "11"]
[EventCountry "AUS"]
[Source "lmi"]
[SourceDate "2008.01.02"]

1. d4 e6 2. c4 b6 3. e4 g6 4. Nc3 Bg7 5. Nf3 d6 6. Bg5 f6 7. Be3 Ne7 8. Be2 O-O
9. O-O h6 10. d5 e5 11. Ne1 f5 12. f3 Nd7 13. Nd3 f4 14. Bf2 g5 15. b4 Nf6 16.
c5 h5 17. h3 Qe8 18. Be1 g4 19. hxg4 hxg4 20. fxg4 Qg6 21. Nf2 a6 22. cxd6 cxd6
23. Bf3 Bd7 24. Bd2 Bh6 25. Na4 Rab8 26. Nb2 Rb7 27. a4 Bg5 28. Nbd3 Bh4 29.
Re1 Rc7 30. Qe2 Ra7 31. Rec1 Kg7 32. Rc2 Neg8 33. a5 bxa5 34. bxa5 Nh6 35. Rac1
Bb5 36. Rc7+ Rf7 37. Rxa7 Rxa7 38. Be1 Bg3 39. Nh3 Bxe1 40. Rxe1 Nhxg4 41. Bxg4
Nxg4 42. Qf3 Bxd3 43. Qxd3 Ne3 44. Nxf4 exf4 45. Rxe3 fxe3 46. Qd4+ Kg8 47.
Qxa7 Qg3 48. Qa8+ Kf7 49. Qa7+ Kf6 50. Qxa6 Qf2+ 51. Kh2 Ke5 52. Qb5 e2 53.
Qb2+ Kxe4 54. Qc2+ Kf4 55. Qd2+ Kg4 56. Qb4+ Qf4+ 0-1

[Event "Campeonato de Australia 2007-2008"]
[Site "Parramatta AUS"]
[Date "2008.01.08"]
[Round "8.14"]
[White "Hacche, David"]
[Black "Booth, Stewart"]
[Result "1-0"]
[WhiteElo "2182"]
[BlackElo "2142"]
[PlyCount "101"]
[EventDate "2008.01.02"]
[EventType "swiss"]
[EventRounds "11"]
[EventCountry "AUS"]
[Source "lmi"]
[SourceDate "2008.01.02"]

1. c4 Nf6 2. Nc3 e6 3. g3 d5 4. Bg2 c6 5. b3 Bd6 6. Nf3 O-O 7. O-O Nbd7 8. d4
a6 9. Qc2 Qe7 10. Bb2 dxc4 11. bxc4 e5 12. c5 Bc7 13. dxe5 Nxe5 14. Na4 Nxf3+
15. Bxf3 Bh3 16. Rfd1 Rad8 17. Bc3 Rxd1+ 18. Rxd1 Rd8 19. Rb1 Nd5 20. Bd2 Be5
21. Nb2 Bd4 22. Na4 Be5 23. e4 Nf6 24. Ba5 Rd4 25. Rd1 Nd7 26. Rb1 Nf8 27. Bd2
Be6 28. Nb6 Rd8 29. Kg2 Bd4 30. Na4 Ng6 31. Ba5 Re8 32. Rd1 Be5 33. Qd2 Bc7 34.
Bc3 Ne5 35. Be2 Rd8 36. Qc2 Rxd1 37. Bxd1 Qd7 38. Be2 f6 39. Bb2 Bh3+ 40. Kg1
Ba5 41. f4 Nf7 42. f5 Ne5 43. Bxe5 fxe5 44. Qc4+ Kf8 45. Qd3 Qxd3 46. Bxd3 Bb4
47. Kf2 g6 48. Kf3 gxf5 49. exf5 h5 50. Ke4 h4 51. gxh4 1-0

[Event "Campeonato de Australia 2007-2008"]
[Site "Parramatta AUS"]
[Date "2008.01.08"]
[Round "8.15"]
[White "Atzmon-Simon, Barak"]
[Black "Stojic, Dusan"]
[Result "1-0"]
[WhiteElo "2142"]
[BlackElo "2155"]
[PlyCount "69"]
[EventDate "2008.01.02"]
[EventType "swiss"]
[EventRounds "11"]
[EventCountry "AUS"]
[Source "lmi"]
[SourceDate "2008.01.02"]

1. c4 Nf6 2. Nc3 g6 3. Nf3 Bg7 4. d4 O-O 5. e4 d6 6. Be2 c5 7. h3 cxd4 8. Nxd4
Nc6 9. Be3 Bd7 10. O-O Nxd4 11. Bxd4 Bc6 12. Qd3 a5 13. f4 a4 14. b4 axb3 15.
axb3 Nd7 16. Rxa8 Qxa8 17. Bxg7 Kxg7 18. Qd4+ f6 19. Nd5 Bxd5 20. Ra1 Qc8 21.
exd5 Nc5 22. Qe3 Re8 23. b4 Na6 24. Qb6 Qc7 25. Rxa6 Qd7 26. Ra7 Qf5 27. Rxb7
Qxf4 28. Qf2 Qe5 29. Ra7 f5 30. b5 Rf8 31. b6 g5 32. Bf1 g4 33. Qe2 Qd4+ 34.
Kh1 Rf7 35. b7 1-0

[Event "Campeonato de Australia 2007-2008"]
[Site "Parramatta AUS"]
[Date "2008.01.08"]
[Round "8.16"]
[White "Morris, Michael"]
[Black "Malik, Hani"]
[Result "1-0"]
[WhiteElo "1985"]
[BlackElo "2009"]
[PlyCount "59"]
[EventDate "2008.01.02"]
[EventType "swiss"]
[EventRounds "11"]
[EventCountry "AUS"]
[Source "lmi"]
[SourceDate "2008.01.02"]

1. e4 e5 2. f4 Bc5 3. Nf3 d6 4. Nc3 Nf6 5. Bc4 Nc6 6. d3 Bg4 7. Na4 Nd4 8. c3
Bxf3 9. gxf3 Nxe4 10. dxe4 Qh4+ 11. Kd2 Qf2+ 12. Be2 Nxf3+ 13. Kc2 Ng1 14. Nxc5
Nxe2 15. Nd3 Qg2 16. Rf1 Nxf4+ 17. Rf2 Qg6 18. Bxf4 exf4 19. Rxf4 O-O 20. Qf3
Rae8 21. h4 Re6 22. Rf1 f6 23. Rg4 Qf7 24. Nf4 Re5 25. Rfg1 g6 26. Nxg6 hxg6
27. Rxg6+ Kh7 28. Qg4 Rg5 29. Rh6+ Kxh6 30. hxg5+ 1-0

[Event "Campeonato de Australia 2007-2008"]
[Site "Parramatta AUS"]
[Date "2008.01.08"]
[Round "8.17"]
[White "Bird, Andrew"]
[Black "Suttor, Vincent"]
[Result "1/2-1/2"]
[WhiteElo "2148"]
[BlackElo "2139"]
[PlyCount "75"]
[EventDate "2008.01.02"]
[EventType "swiss"]
[EventRounds "11"]
[EventCountry "AUS"]
[Source "lmi"]
[SourceDate "2008.01.02"]

1. d4 Nf6 2. Nf3 g6 3. c4 Bg7 4. Nc3 O-O 5. Bg5 d6 6. e3 Nbd7 7. Be2 h6 8. Bh4
g5 9. Bg3 Nh5 10. Qc2 e6 11. Nd2 Nxg3 12. hxg3 c5 13. d5 Nf6 14. Nde4 exd5 15.
Nxf6+ Qxf6 16. Nxd5 Qd8 17. Qd2 Be6 18. Bf3 Rb8 19. Rd1 a6 20. Be4 b5 21. cxb5
Rxb5 22. b3 c4 23. bxc4 Rb2 24. Qd3 Qa5+ 25. Kf1 Rfb8 26. Kg1 Qxa2 27. Ne7+ Kh8
28. Qxd6 Qxc4 29. Bf5 Re8 30. Rd4 Qe2 31. Qc6 Qxf2+ 32. Kh2 Rf8 33. Bxe6 Bxd4
34. exd4 fxe6 35. Ng6+ Kg7 36. Nxf8 Qxf8 37. Qxe6 Qf6 38. Re1 1/2-1/2

[Event "Campeonato de Australia 2007-2008"]
[Site "Parramatta AUS"]
[Date "2008.01.08"]
[Round "8.18"]
[White "Capilitan, Romeo"]
[Black "Wei, Michael"]
[Result "0-1"]
[WhiteElo "2134"]
[BlackElo "2139"]
[PlyCount "102"]
[EventDate "2008.01.02"]
[EventType "swiss"]
[EventRounds "11"]
[EventCountry "AUS"]
[Source "lmi"]
[SourceDate "2008.01.02"]

1. e4 c5 2. Nf3 Nc6 3. Nc3 e6 4. Be2 g6 5. d4 cxd4 6. Nxd4 a6 7. Nxc6 dxc6 8.
Qxd8+ Kxd8 9. Bg5+ f6 10. O-O-O+ Kc7 11. Bf4+ e5 12. Be3 Bh6 13. Rd3 Be6 14. b3
Bxe3+ 15. Rxe3 Ne7 16. Rd1 Rad8 17. Red3 Rxd3 18. Rxd3 b5 19. Rd2 Nc8 20. a3
Nd6 21. f3 g5 22. a4 h5 23. Kb2 Nf7 24. axb5 axb5 25. Na2 g4 26. Nb4 Ng5 27.
Nd3 gxf3 28. Bxf3 h4 29. Nc5 Bc8 30. Rd3 f5 31. exf5 Bxf5 32. Re3 e4 33. Be2
Kd6 34. b4 Ke5 35. Rc3 Rh6 36. Nb3 Rd6 37. g3 hxg3 38. hxg3 Ne6 39. Bh5 Nd4 40.
Rc5+ Rd5 41. Nxd4 Kxd4 42. Rxd5+ cxd5 43. g4 Be6 44. g5 Kc4 45. c3 d4 46. Be2+
d3 47. Bd1 Kd5 48. Kc1 e3 49. Bb3+ Kd6 50. Bxe6 Kxe6 51. g6 Kf6 0-1

[Event "Campeonato de Australia 2007-2008"]
[Site "Parramatta AUS"]
[Date "2008.01.09"]
[Round "9.1"]
[White "Sales, Jesse Noel"]
[Black "Antic, Dejan"]
[Result "0-1"]
[WhiteElo "2126"]
[BlackElo "2480"]
[PlyCount "96"]
[EventDate "2008.01.02"]
[EventType "swiss"]
[EventRounds "11"]
[EventCountry "AUS"]
[Source "lmi"]
[SourceDate "2008.01.02"]

1. Nf3 Nf6 2. d4 e6 3. Bg5 h6 4. Bh4 g5 5. Bg3 Ne4 6. Be5 f6 7. Qd3 d5 8. Bg3
Nc6 9. c3 Qe7 10. Nbd2 Qh7 11. e3 h5 12. h4 g4 13. Ng1 Nxg3 14. Qxh7 Rxh7 15.
fxg3 Bh6 16. Kf2 e5 17. Bd3 Re7 18. Nf1 Kf7 19. Ne2 Bd7 20. Nc1 Rae8 21. Nb3 b6
22. Rd1 Nd8 23. Na1 exd4 24. exd4 Nb7 25. Nc2 Nd6 26. Re1 Rxe1 27. Nxe1 Bc1 28.
b3 c5 29. dxc5 bxc5 30. c4 dxc4 31. bxc4 Be6 32. Nc2 Bxc4 33. Bxc4+ Nxc4 34.
Nh2 Bh6 35. Rd1 Rb8 36. Ke2 Rb2 37. Kd3 Rxc2 38. Kxc2 Ne3+ 39. Kc1 Nxd1+ 40.
Kxd1 Ke6 41. Kc2 Kd5 42. Kc3 f5 43. Nf1 c4 44. a3 Kc5 45. a4 a5 46. Nh2 Bg7+
47. Kc2 Kb4 48. Nf1 Bh6 0-1

[Event "Campeonato de Australia 2007-2008"]
[Site "Parramatta AUS"]
[Date "2008.01.09"]
[Round "9.2"]
[White "Solomon, Stephen J"]
[Black "Illingworth, Max"]
[Result "1/2-1/2"]
[WhiteElo "2468"]
[BlackElo "2201"]
[PlyCount "110"]
[EventDate "2008.01.02"]
[EventType "swiss"]
[EventRounds "11"]
[EventCountry "AUS"]
[Source "lmi"]
[SourceDate "2008.01.02"]

1. e4 c5 2. Nf3 Nc6 3. d4 cxd4 4. Nxd4 Nf6 5. Nc3 e5 6. Ndb5 d6 7. Bg5 a6 8.
Na3 b5 9. Nd5 Be7 10. Bxf6 Bxf6 11. c3 Bg5 12. Nc2 Ne7 13. Ncb4 O-O 14. a4 bxa4
15. Rxa4 a5 16. Nxe7+ Qxe7 17. Nd5 Qb7 18. b3 Bd7 19. Ra2 f5 20. Bc4 Kh8 21.
exf5 Bxf5 22. O-O Bd7 23. Qd3 Bd8 24. Kh1 Bb6 25. f4 Bf5 26. Qe2 Rae8 27. fxe5
dxe5 28. Raa1 e4 29. Ne3 Bg6 30. Rxf8+ Rxf8 31. Rf1 Qb8 32. Rxf8+ Qxf8 33. Nd5
Bc5 34. Qf1 Qxf1+ 35. Bxf1 Bf7 36. c4 Bxd5 37. cxd5 g5 38. d6 Bxd6 39. g4 Kg7
40. Bg2 e3 41. Bf1 Kf6 42. Kg2 Ke5 43. Kf3 Kd4 44. Bb5 Kc3 45. Kxe3 Kxb3 46. h4
h6 47. h5 Bf8 48. Ke4 Kc3 49. Bd7 Kd2 50. Kf5 Ke3 51. Kg6 Kf4 52. Kf7 Bb4 53.
Kg7 a4 54. Kxh6 a3 55. Be6 a2 1/2-1/2

[Event "Campeonato de Australia 2007-2008"]
[Site "Parramatta AUS"]
[Date "2008.01.09"]
[Round "9.3"]
[White "Chow, Samuel"]
[Black "Van Riemsdijk, Herman Claudius"]
[Result "0-1"]
[WhiteElo "2240"]
[BlackElo "2391"]
[PlyCount "100"]
[EventDate "2008.01.02"]
[EventType "swiss"]
[EventRounds "11"]
[EventCountry "AUS"]
[Source "lmi"]
[SourceDate "2008.01.02"]

1. c4 Nf6 2. Nc3 e6 3. e4 d5 4. e5 Ne4 5. Nxe4 dxe4 6. Qg4 c5 7. Qxe4 Nc6 8.
Nf3 Qd7 9. Bd3 b6 10. O-O Bb7 11. Qe3 O-O-O 12. Be4 h6 13. b3 g5 14. h3 Rg8 15.
Nh2 Nxe5 16. Bb2 Nc6 17. Ng4 Bg7 18. Nf6 Qc7 19. Qf3 Rh8 20. Bc3 Nd4 21. Bxd4
Rxd4 22. Rae1 Rhd8 23. Re2 Rxe4 24. Nxe4 f5 25. d3 fxe4 26. dxe4 Qf4 27. Qxf4
gxf4 28. Rc1 Bd4 29. Kf1 Kc7 30. Rd1 b5 31. cxb5 Kb6 32. g4 a6 33. Kg2 axb5 34.
Kf3 e5 35. h4 Rg8 36. g5 Bc8 37. Rg1 h5 38. Rc2 Be6 39. Rb1 Rf8 40. Rg1 Rg8 41.
Rb1 Bg4+ 42. Kg2 f3+ 43. Kh2 Rf8 44. a4 Be6 45. axb5 Rf4 46. Kg3 Rxe4 47. Ra2
Bf5 48. Rc1 Kxb5 49. Kxf3 Rxh4 50. Rg1 Bd3 0-1

[Event "Campeonato de Australia 2007-2008"]
[Site "Parramatta AUS"]
[Date "2008.01.09"]
[Round "9.4"]
[White "Xie, George"]
[Black "Johansen, Darryl Keith"]
[Result "1-0"]
[WhiteElo "2413"]
[BlackElo "2475"]
[PlyCount "47"]
[EventDate "2008.01.02"]
[EventType "swiss"]
[EventRounds "11"]
[EventCountry "AUS"]
[Source "lmi"]
[SourceDate "2008.01.02"]

1. e4 c5 2. Nc3 Nc6 3. Bb5 Nd4 4. Bc4 e6 5. Nge2 Nf6 6. O-O a6 7. a4 d6 8. d3
Be7 9. Nxd4 cxd4 10. Ne2 e5 11. c3 dxc3 12. Nxc3 O-O 13. a5 h6 14. Be3 Be6 15.
Qb3 Qd7 16. Bxe6 fxe6 17. Na4 Bd8 18. Bb6 Be7 19. Be3 Bd8 20. Bb6 Be7 21. Rac1
Rfc8 22. Bc7 Rxc7 23. Nb6 Rxc1 24. Rxc1 1-0

[Event "Campeonato de Australia 2007-2008"]
[Site "Parramatta AUS"]
[Date "2008.01.09"]
[Round "9.5"]
[White "Klein, Felix"]
[Black "Ly, Moulthun"]
[Result "1-0"]
[WhiteElo "2205"]
[BlackElo "2319"]
[PlyCount "121"]
[EventDate "2008.01.02"]
[EventType "swiss"]
[EventRounds "11"]
[EventCountry "AUS"]
[Source "lmi"]
[SourceDate "2008.01.02"]

1. e4 e6 2. d4 d5 3. Nc3 Bb4 4. e5 c5 5. a3 Bxc3+ 6. bxc3 Qa5 7. Bd2 Qa4 8. Qb1
c4 9. h4 Nc6 10. Nh3 f6 11. exf6 Nxf6 12. g3 O-O 13. Bg2 e5 14. dxe5 Ne4 15.
Ng5 Nxe5 16. Bf4 Ng6 17. Be3 Qc6 18. Nxe4 dxe4 19. h5 Ne5 20. h6 g6 21. Qb4 Re8
22. O-O-O Bf5 23. Rd6 Qc7 24. Rhd1 Nf7 25. R6d5 b6 26. R5d4 Rac8 27. Bf1 Bg4
28. Rxc4 Qe5 29. Rxc8 Rxc8 30. Rd4 Re8 31. Bb5 Rc8 32. Qb3 a5 33. Bc4 Qf5 34.
Rd6 a4 35. Bxf7+ Qxf7 36. Qxf7+ Kxf7 37. Rxb6 Bd7 38. Bd4 Bc6 39. Kd2 g5 40.
Ke3 Ke6 41. Ra6 Rc7 42. Ra5 g4 43. Rg5 Rf7 44. Rxg4 Rf3+ 45. Kd2 Rf7 46. Rg7
Bb5 47. Rxf7 Kxf7 48. Ke3 Bc6 49. Bg7 Ke6 50. Kd4 Kd6 51. g4 Bd7 52. g5 Bf5 53.
Kc4 Bg6 54. Kb4 Be8 55. c4 Ke6 56. Kc5 Kf5 57. Kd6 Kxg5 58. c5 Kf4 59. c6 Bg6
60. c7 Bf5 61. Ke7 1-0

[Event "Campeonato de Australia 2007-2008"]
[Site "Parramatta AUS"]
[Date "2008.01.09"]
[Round "9.6"]
[White "Goldenberg, Igor"]
[Black "Oliver, Gareth"]
[Result "1-0"]
[WhiteElo "2395"]
[BlackElo "2164"]
[PlyCount "41"]
[EventDate "2008.01.02"]
[EventType "swiss"]
[EventRounds "11"]
[EventCountry "AUS"]
[Source "lmi"]
[SourceDate "2008.01.02"]

1. d4 Nf6 2. Nf3 g6 3. g3 Bg7 4. Bg2 O-O 5. O-O d6 6. c4 Nbd7 7. Nc3 e5 8. e4
c6 9. h3 Qc7 10. Be3 Rd8 11. Rc1 Ne8 12. b4 f5 13. Qb3 Kf8 14. c5 exd4 15. cxd6
Nxd6 16. Ng5 Nf6 17. e5 dxe3 18. exf6 exf2+ 19. Rxf2 Bh6 20. Nd5 Qd7 21. Ne7
1-0

[Event "Campeonato de Australia 2007-2008"]
[Site "Parramatta AUS"]
[Date "2008.01.09"]
[Round "9.7"]
[White "Rej, Tomek"]
[Black "Morris, Michael"]
[Result "1-0"]
[WhiteElo "2283"]
[BlackElo "1985"]
[PlyCount "79"]
[EventDate "2008.01.02"]
[EventType "swiss"]
[EventRounds "11"]
[EventCountry "AUS"]
[Source "lmi"]
[SourceDate "2008.01.02"]

1. d4 Nf6 2. c4 c5 3. d5 e6 4. Nc3 exd5 5. cxd5 d6 6. Nf3 g6 7. Nd2 Nbd7 8. e4
Bg7 9. Be2 O-O 10. O-O a6 11. a4 Re8 12. f4 Qc7 13. Kh1 Rb8 14. e5 dxe5 15. Nc4
e4 16. f5 Qd8 17. Bf4 Ra8 18. a5 b5 19. axb6 Nxb6 20. fxg6 hxg6 21. Bg5 Nxc4
22. Bxc4 Qd6 23. Qe1 e3 24. Bf4 Qf8 25. Rf3 Bb7 26. Rxe3 Ng4 27. Rxe8 Rxe8 28.
Qg3 Ne5 29. Bxa6 Bxa6 30. Rxa6 Qe7 31. Ra1 Qb7 32. Re1 f6 33. Qf2 Rf8 34. Qc2
Nf7 35. h3 f5 36. Qd2 Rd8 37. Re6 Bxc3 38. Qxc3 Qxd5 39. Rxg6+ Kf8 40. Qe3 1-0

[Event "Campeonato de Australia 2007-2008"]
[Site "Parramatta AUS"]
[Date "2008.01.09"]
[Round "9.8"]
[White "Ikeda, Junta"]
[Black "Yu, Ronald"]
[Result "1/2-1/2"]
[WhiteElo "2201"]
[BlackElo "2212"]
[PlyCount "82"]
[EventDate "2008.01.02"]
[EventType "swiss"]
[EventRounds "11"]
[EventCountry "AUS"]
[Source "lmi"]
[SourceDate "2008.01.02"]

1. d4 d5 2. c4 e5 3. dxe5 d4 4. Nf3 Nc6 5. a3 Nge7 6. b4 Ng6 7. Bb2 a5 8. Qa4
Bg4 9. b5 Bxf3 10. exf3 Ncxe5 11. Nd2 Bc5 12. O-O-O O-O 13. Nb3 Ba7 14. Nxd4
Qg5+ 15. Kb1 Rfd8 16. Qc2 c6 17. h4 Qf6 18. h5 Nf8 19. Be2 Bxd4 20. Rxd4 Rxd4
21. Bxd4 Ne6 22. Bb2 Re8 23. g3 Qe7 24. Bxe5 Nf8 25. Bxg7 Kxg7 26. Qc3+ Kg8 27.
Bd3 Qc5 28. h6 Ne6 29. Re1 Kf8 30. Bxh7 cxb5 31. Bc2 b4 32. axb4 axb4 33. Qe5
Qxf2 34. h7 Ke7 35. Rh1 b3 36. Bxb3 Qxf3 37. h8=Q Rxh8 38. Rxh8 Qxb3+ 39. Qb2
Qd3+ 40. Qc2 Qxg3 41. Rh1 Qe5 1/2-1/2